000
00307 a2200145 4500
001
160987
020
_a
040
_c
Magnum
100
_a
Koch, Ingedore Villaca
240
1
0
_a
A coerencia textual
_l
por
245
1
0
_a
A coerencia textual
362
0
_a
1899
697
_a
PRODUCAO DE TEXTO
942
_c
BK
999
_c
160987
_d
160987